La Biblia Visigótica de la Cava del Tirreni (Record no. 27128)

MARC details
000 -LEADER
campo de control de longitud fija 00843nam a2200217 i 4500
001 - NÚMERO DE CONTROL
campo de control 27128
003 - IDENTIFICADOR DE NÚMERO DE CONTROL
campo de control ES-MaACL
005 - FECHA Y HORA DE LA ÚLTIMA TRANSACCIÓN
campo de control 20250813063258.0
007 - CAMPO FIJO DE DESCRIPCIÓN FÍSICA--INFORMACIÓN GENERAL
campo de control de longitud fija t|
008 - DATOS DE LONGITUD FIJA--INFORMACIÓN GENERAL
campo de control de longitud fija 030113s1956 sp ||||1| spa d
100 1# - ENTRADA PRINCIPAL--NOMBRE DE PERSONA
Nombre de persona Ayuso Marazuela, Teófilo,
Fechas asociadas al nombre 1906-1962
9 (RLIN) 24206
245 13 - MENCIÓN DEL TÍTULO
Título La Biblia Visigótica de la Cava del Tirreni
Resto del título : contribución al estudio de la Vulgata /
Mención de responsabilidad, etc. Teófilo Ayuso Marazuela.
260 ## - PUBLICACIÓN, DISTRIBUCIÓN, ETC.
Lugar de publicación, distribución, etc. Madrid :
Nombre del editor, distribuidor, etc. [s.n.,
Fecha de publicación, distribución, etc. 1956] (
Fabricante C. Bermejo)
300 ## - DESCRIPCIÓN FÍSICA
Extensión 206 p., 6 lám ;
Dimensiones 24 cm.
500 ## - NOTA GENERAL
Nota general Precede al tít.: Consejo Superior de Investigaciones Científicas. Instituto Francisco Suárez.
630 04 - PUNTO DE ACCESO ADICIONAL DE MATERIA--TÍTULO UNIFORME
Título uniforme Biblia-
Subdivisión general Crítica textual.
9 (RLIN) 149754
650 #7 - PUNTO DE ACCESO ADICIONAL DE MATERIA--TÉRMINO DE MATERIA
Término de materia o nombre geográfico como elemento de entrada Manuscritos visigóticos
Fuente del encabezamiento o término embne
9 (RLIN) 153394
710 2# - ENTRADA AGREGADA--NOMBRE DE ENTIDAD CORPORATIVA
Nombre de entidad corporativa o nombre de jurisdicción como elemento de entrada Instituto "Francisco Suárez"
9 (RLIN) 5062
852 ## - LOCALIZACIÓN
Ubicación ES-MaACL
Número de control de estantería C-14185
Sublocalización o colección R.43622
Holdings
Estatus retirado Estado de pérdida Estado de daño No para préstamo Biblioteca de origen Biblioteca actual Ubicación en estantería Fecha de adquisición Fuente de adquisición Total de préstamos Signatura topográfica completa Código de barras Visto por última vez Precio de reemplazo Tipo de ítem Koha
        Biblioteca del Ateneo de Madrid Biblioteca del Ateneo de Madrid Sala Palomar 17/01/2008     C-14185 1028000 23/02/2023 23/02/2023 Libro impreso